|
|
|
|
| LEADER |
00000nas a2200000 a 4500 |
| 001 |
ssj0000392181 |
| 003 |
WaSeSS |
| 005 |
20200512172242.0 |
| 006 |
m d |
| 007 |
cr n |
| 008 |
100802c20079999enkar s 0 0eng c |
| 010 |
|
|
|a 2012254633
|
| 022 |
|
|
|a 1755-9219
|l 1755-9219
|
| 035 |
|
|
|a (WaSeSS)ssj0000392181
|
| 040 |
|
|
|a WaSeSS
|b eng
|c S4S
|d CUS
|d OCLCQ
|d CUV
|d OCLCQ
|d OCLCA
|d OCLCF
|d UAB
|d WaSeSS
|
| 042 |
|
|
|a pcc
|
| 050 |
|
4 |
|a ML5
|
| 222 |
|
0 |
|a Music performance research
|
| 245 |
0 |
0 |
|a Music performance research
|h [electronic resource].
|
| 246 |
3 |
|
|a MPR
|
| 260 |
|
|
|a Manchester, England :
|b Royal Northern College of Music,
|c 2007-
|
| 310 |
|
|
|a Annual
|
| 362 |
1 |
|
|a Began with vol. 1, no. 1 (2007).
|
| 506 |
|
|
|a License restrictions may limit access.
|
| 588 |
|
|
|a Description based on: Vol. 1, no. 1 (2007); title from pdf title page (publisher's Web site, viewed Aug. 2, 2010).
|
| 588 |
|
|
|a Latest issue consulted: Vol. 5, no. 1 (2012) (viewed Dec. 10, 2012).
|
| 650 |
|
0 |
|a Music
|x Performance
|x Research
|v Periodicals.
|
| 650 |
|
0 |
|a Music
|x Performance
|v Periodicals.
|
| 650 |
|
0 |
|a Musicology
|v Periodicals.
|
| 650 |
|
0 |
|a Music
|v Periodicals.
|
| 650 |
|
7 |
|a Music.
|2 fast
|0 (OCoLC)fst01030269
|
| 650 |
|
7 |
|a Music
|x Performance.
|2 fast
|0 (OCoLC)fst01030398
|
| 650 |
|
7 |
|a Musicology.
|2 fast
|0 (OCoLC)fst01030893
|
| 655 |
|
0 |
|a Electronic journals.
|
| 710 |
2 |
|
|a Royal Northern College of Music.
|
| 856 |
4 |
0 |
|z Full text available from Research Library: 01/01/2007 to 12/31/2013
|u https://search.proquest.com/publication/2049654
|
| 856 |
4 |
0 |
|z Full text available from Research Library: 01/01/2015 to 01/31/2015
|u https://search.proquest.com/publication/2049654
|